Designing Camelot: the Kennedy White House restoration (Record no. 63459)

MARC details
000 -LEADER
fixed length control field 01615nam a2200277 a 4500
008 - FIXED-LENGTH DATA ELEMENTS--GENERAL INFORMATION
fixed length control field 120416s1998 ||||||||||||||||| || u
020 ## - INTERNATIONAL STANDARD BOOK NUMBER
International Standard Book Number 0442025327
050 ## - LIBRARY OF CONGRESS CALL NUMBER
Classification number TH 107.F73 Abb
100 ## - MAIN ENTRY--PERSONAL NAME
Personal name Abbott, James A. (James Archer), 1963-
245 10 - TITLE STATEMENT
Title Designing Camelot: the Kennedy White House restoration
260 ## - PUBLICATION, DISTRIBUTION, ETC.
Place of publication, distribution, etc. New York:
Name of publisher, distributor, etc. Van Nostrand Reinhold
Date of publication, distribution, etc. 1998
300 ## - PHYSICAL DESCRIPTION
Extent xi, 260p. : ill.
350 ## -
-- 0.00
650 ## - SUBJECT ADDED ENTRY--TOPICAL TERM
Topical term or geographic name entry element WHITE HOUSE (WASHINGTON, D.C.)
650 ## - SUBJECT ADDED ENTRY--TOPICAL TERM
Topical term or geographic name entry element Kennedy, John F. (John Fitzgerald), 1917-1963 - Art patronage
650 ## - SUBJECT ADDED ENTRY--TOPICAL TERM
Topical term or geographic name entry element ART
650 ## - SUBJECT ADDED ENTRY--TOPICAL TERM
Topical term or geographic name entry element WASHINGTON (D.C)--BUILDINGS, STRUCTURES, ETC
650 ## - SUBJECT ADDED ENTRY--TOPICAL TERM
Topical term or geographic name entry element MANSIONS----CONSERVATION AND RESTORATION--WASHINGTON (D.C)
650 ## - SUBJECT ADDED ENTRY--TOPICAL TERM
Topical term or geographic name entry element Onassis, Jacqueline Kennedy, 1929- - Art patronage
710 ## - ADDED ENTRY--CORPORATE NAME
Corporate name or jurisdiction name as entry element Boscobel Restoration, inc
995 ## -
-- ANNEX COLLECTION (Main Library)
-- 0.00
-- 733650
-- CBU-MAIN LIBRARY (Kitwe)
-- 1
-- 45.00
-- TH 107.F73 Abb
-- 1
-- AVAILABLE
-- 45702
-- Annex Low-Usage Collection
995 ## -
-- ANNEX COLLECTION (Main Library)
-- 733648
-- CBU-MAIN LIBRARY (Kitwe)
-- 0.00
-- TH 107.F73 Abb
-- 4
-- AVAILABLE
-- Mar 19, 2013
-- 45700
-- Annex Low-Usage Collection
995 ## -
-- ANNEX COLLECTION (Main Library)
-- 0.00
-- 734647
-- CBU-MAIN LIBRARY (Kitwe)
-- 2
-- 45.00
-- TH 107.F73 Abb
-- 2
-- AVAILABLE
-- 45699
-- Annex Low-Usage Collection
995 ## -
-- ANNEX COLLECTION (Main Library)
-- 0.00
-- 733651
-- CBU-MAIN LIBRARY (Kitwe)
-- 3
-- 45.00
-- TH 107.F73 Abb
-- 3
-- AVAILABLE
-- 45698
-- Annex Low-Usage Collection
995 ## -
-- ANNEX COLLECTION (Main Library)
-- 0.00
-- 733649
-- CBU-MAIN LIBRARY (Kitwe)
-- 5
-- 45.00
-- TH 107.F73 Abb
-- 5
-- AVAILABLE
-- 45701
-- Annex Low-Usage Collection
999 ## -
-- 63459
-- 63459
Holdings
Withdrawn status Lost status Source of classification or shelving scheme Damaged status Not for loan Permanent Location Current Location Shelving location Date acquired Total Checkouts Full call number Barcode Date last seen Price effective from Koha item type
          CBU-MAIN LIBRARY, KITWE. CBU-MAIN LIBRARY, KITWE.   12/24/2022   TH 107.F73 Abb 45702 12/24/2022 12/24/2022 MONOGRAPH
          CBU-MAIN LIBRARY, KITWE. CBU-MAIN LIBRARY, KITWE.   12/24/2022   TH 107.F73 Abb 45700 12/24/2022 12/24/2022 MONOGRAPH
Withdrawn         CBU-MAIN LIBRARY, KITWE. CBU-MAIN LIBRARY, KITWE.   12/24/2022   TH 107.F73 Abb 45699 12/24/2022 12/24/2022 MONOGRAPH
Withdrawn         CBU-MAIN LIBRARY, KITWE. CBU-MAIN LIBRARY, KITWE.   12/24/2022   TH 107.F73 Abb 45698 12/24/2022 12/24/2022 MONOGRAPH
Withdrawn         CBU-MAIN LIBRARY, KITWE. CBU-MAIN LIBRARY, KITWE.   12/24/2022   TH 107.F73 Abb 45701 12/24/2022 12/24/2022 MONOGRAPH